• 首页
  • 本馆介绍
  • 公告通知
  • 最新文献
  • 馆藏检索
  • 电子资源
  • 读者导购
  • 参考咨询
  • 我的图书馆
  • 登录
  • 详细信息显示
  • 放入我的书架
  • 预约/预借图书
  • 作者相关作品
  • 分类相关作品
  • 丛书相关作品
  • 出版社相关作品

书目信息

  • 表格格式
  • 工作单格式
  • 卡片格式
题名:
中国古代北方民族体育史考
    
 
作者: 黄聪 著
分册:  
出版信息: 北京   人民出版社  2009
页数: 345页
开本: 23cm
丛书名:
单 册:
中图分类: G812.92
科图分类:
主题词: 少数民族--民族形式体育--体育运动史--研究--中国--古代 , 少数民族 , 民族形式体育 , 体育运动史
电子资源:
ISBN: 978-7-01-008603-3
000 00915nam0 2200265 45
001 1130239234
005 20110309093459.95
010    @a978-7-01-008603-3@dCNY46.00
100    @a20110123e20102009cdey0chiy50 ea
101 0  @achi
102    @aCN@b110000
105    @ay z 000yy
106    @ar
200 1  @a中国古代北方民族体育史考@AZhong Guo Gu Dai Bei Fang Min Zu Ti Yu Shi Kao@f黄聪著@FHuang Cong Zhu
210    @a北京@c人民出版社@d2009@h2010
215    @a345页@d23cm
330    @a本书内容包括:古代北方民族体育的起源和萌芽、古代北方民族体育的初步发展、古代北方民族体育的全面发展、古代北方民族体育的兴盛与衰落、摔跤考、马球考。
606 0  @a少数民族@x民族形式体育@x体育运动史@x研究@y中国@z古代
606 0  @a少数民族
606 0  @a民族形式体育
606 0  @a体育运动史
690    @aG812.92@v4
701  0 @a黄聪@AHuang Cong@4著
801  0 @aCN@bTANGWEI@c20110309
905    @b0530828-31@dG812.92@e56@f4
    
    中国古代北方民族体育史考/黄聪著.-北京:人民出版社,2009(2010)
    345页;23cm
    
    
    ISBN 978-7-01-008603-3:CNY46.00
    本书内容包括:古代北方民族体育的起源和萌芽、古代北方民族体育的初步发展、古代北方民族体育的全面发展、古代北方民族体育的兴盛与衰落、摔跤考、马球考。
●
相关链接 在E读中查询图书 在五车中查询图书 在当当中查询图书 在豆瓣中查询图书


正题名:中国古代北方民族体育史考     索取号:G812.92/56         预约/预借

序号 登录号 条形码 馆藏地/架位号 状态 备注
1 0530828   205308282   第一样本阅览室/ [索取号:G812.92/56] 在馆    
2 0530829   205308291   密集书库-体育系/ [索取号:G812.92/56] 在馆    
3 0530830   205308308   第四借阅区/ [索取号:G812.92/56] 在馆    
4 0530831   205308317   第四借阅区/ [索取号:G812.92/56] 在馆    
唐山师范学院图书馆 欢迎您!
大连网信软件有限公司© 版权所有